| 000 | 01315nam0a22002771 4500 | ||
|---|---|---|---|
| 001 | rc\4502703 | ||
| 005 | 20260407080649.0 | ||
| 021 |
_aRU _b[63-58877] |
||
| 035 | _a(NLR Aleph) 008613973 | ||
| 090 |
_a8781000 _c8781000 |
||
| 100 | _a20130416d1963 |||y0rusy50 ca | ||
| 101 | 0 | _arus | |
| 102 | _aRU | ||
| 105 | _aab z ||||| | ||
| 200 | 1 |
_aК истории открытия и изучения месторождений полезных ископаемых _e[Сборник статей _fОтв. ред. С.В. Шухардин _gАкад. наук СССР. Ин-т истории естествознания и техники |
|
| 210 |
_aМосква _cИзд-во Акад. наук СССР _d1963 |
||
| 215 |
_a107 с. _cил., карт. _d21 |
||
| 320 | _aБиблиогр. в конце статей | ||
| 606 |
_aМесторождения полезных ископаемых _xИстория изучения _jСборники _2psbo |
||
| 702 | 1 |
_aШухардин _bС.В. _gСемен Викторович _4340 |
|
| 712 | 0 | 2 |
_aИнститут истории естествознания и техники им. С. И. Вавилова _cМосква _3RU\NLR\AUTH\886273 _9284344 |
| 801 | 0 |
_aRU _bNLR _gpsbo |
|
| 801 | 1 |
_aRU _bELAR _2rusmarc |
|
| 852 |
_aNLR _j63-5/4071 |
||
| 942 | _cBOOK | ||
| 980 | _aNB | ||